Profesor planeta: (Registro nro. 19859)
[ vista simple ]
| 000 -CABECERA | |
|---|---|
| Campo de control | 00879nam a22002777a 4500 |
| 005 - FECHA Y HORA DE LA ULTIMA TRANSACCION | |
| Campo de control | 20170926091003.0 |
| 008 - ELEMENTOS DE LONGITUD FIJA—INFORMACION GENERAL | |
| Campo de control | 17092.52014 ck u||||| |||| 00| 0 spa d |
| 020 ## - ISBN | |
| ISBN | 9789583046438 |
| 040 ## - FUENTE DE CATALOGACIÓN | |
| Agencia catalogadora original | CO-BoIAVH |
| Agencia transcriptora | CO-BoIAVH |
| 041 ## - IDIOMA | |
| Código de idioma para texto/pista de sonido o título separado | Español |
| 044 ## - PAÍS DE PUBLICACIÓN | |
| País de publicación | Colombia |
| 090 ## - CLASIFICACIÓN LOCAL | |
| Colección | I-PAN |
| Consecutivo | 05 |
| 100 ## - ASIENTO PRINCIPAL--NOMBRE PERSONAL | |
| Nombre personal | Gauthier, Dosimont |
| 9 (RLIN) | 84907 |
| 245 10 - MENCION DE TITULO | |
| Título | Profesor planeta: |
| Parte restante del título | el deshielo |
| 246 ## - FORMA VARIANTE DEL TITULO | |
| Título propiamente dicho/forma breve del título | Professeur planete: |
| Parte restante del título | la fonte des glaces |
| 260 ## - PUBLICACION, DISTRIBUCION, ETC. (PIE DE IMPRENTA) | |
| Lugar de publicación, distribución, etc. | Bogotá: |
| Nombre del editor, distribuidor, etc. | Panamericana editorial, |
| Fecha de publicación, distribución, etc. | 2014. |
| 300 ## - DESCRIPCION FISICA | |
| Extensión | 28 páginas |
| Otros detalles físicos | ilustraciones, |
| Dimensiones | 27 x 21 cm |
| 650 14 - ASIENTO SECUNDARIO DE MATERIA - TERMINO TEMATICO | |
| Término temático o nombre geográfico como elemento de entrada | Literatura infantil |
| 9 (RLIN) | 85024 |
| 650 14 - ASIENTO SECUNDARIO DE MATERIA - TERMINO TEMATICO | |
| Término temático o nombre geográfico como elemento de entrada | Ecologia |
| 9 (RLIN) | 85025 |
| 650 14 - ASIENTO SECUNDARIO DE MATERIA - TERMINO TEMATICO | |
| Término temático o nombre geográfico como elemento de entrada | Cambio climatico |
| 9 (RLIN) | 85026 |
| 650 14 - ASIENTO SECUNDARIO DE MATERIA - TERMINO TEMATICO | |
| Término temático o nombre geográfico como elemento de entrada | Glaciares |
| Subdivisión de forma | Deshielo |
| 9 (RLIN) | 85027 |
| 650 14 - ASIENTO SECUNDARIO DE MATERIA - TERMINO TEMATICO | |
| Término temático o nombre geográfico como elemento de entrada | Especies en riesgo |
| Subdivisión de forma | Extinción |
| 9 (RLIN) | 85028 |
| 700 ## - ASIENTO SECUNDARIO - NOMBRE PERSONAL | |
| Nombre personal | Camacho, Ernesto |
| Término de relación | traductor |
| 9 (RLIN) | 84913 |
| 700 ## - ASIENTO SECUNDARIO - NOMBRE PERSONAL | |
| Nombre personal | Realpe Bolaños, Leonardo |
| Término de relación | editor |
| 9 (RLIN) | 84914 |
| 942 ## - ELEMENTOS ADICIONALES (KOHA) | |
| Sistema de clasificación | Local |
| Tipo de ítem | Libro |
| Withdrawn status | Lost status | Sistema de Clasificación | Damaged status | No para préstamo | Colección | Inventariado | Ubicación Permanente | Ubicación actual | Fecha de adquisición | Fuente de Valor | Valor | Total Checkouts | Número topográfico | Inventario / Código de Barras | Date last seen | Date checked out | Ejemplar | Price effective from | Forma de adquisición | Tipo de material |
|---|---|---|---|---|---|---|---|---|---|---|---|---|---|---|---|---|---|---|---|---|
| Local | Infantil | Inventariado 2017 | Bogotá | Bogotá | 25/09/2017 | Lerner | 20000.00 | 1 | I-PAN-05 | 042775 | 16/04/2018 | 13/04/2018 | Ej. 1 | 25/09/2017 | Compra | Libro |